[Event "Portugal Open 2017"]
[Site "masterchessopen.com Lisbon POR"]
[Date "2017.02.07"]
[Round "6.18"]
[White "Santos,AntonioP"]
[Black "Bhawoodien,Mohamed Ozayr"]
[Result "0-1"]
[WhiteElo "2248"]
[BlackElo "2060"]

1.d4 Nf6 2.c4 e6 3.Nf3 d5 4.Nc3 dxc4 5.e3 a6 6.Bxc4 b5 7.Bb3 Bb7 8.O-O c5
9.Qe2 Nbd7 10.Rd1 Bd6 11.d5 exd5 12.Nxd5 c4 13.Nxf6+ Qxf6 14.Bc2 Ne5 15.Nxe5
Bxe5 16.f4 Bd6 17.e4 Bxf4 18.Qg4 Bd6 19.Be3 Bc8 20.Qh5 Qe5 21.Qh4 Be6 22.Rxd6
Qxd6 23.e5 Qe7 24.Bg5 Qc5+ 25.Kh1 Ra7 26.Qg3 Qb4 27.Be4 Kf8 28.Rd1 Rd7 29.Rxd7
Bxd7 30.e6 fxe6 31.Qb8+ Be8 32.Qf4+ Kg8 33.h4 h6 34.Bd8 Qf8 35.Qe5 Bf7 36.Bb6
g6 37.Bd4 Kh7 38.h5 Rg8 39.Qc7 Rg7 40.a3 Kg8 41.Qf4 g5 42.Qf6 Bxh5 43.Qxe6+
Qf7 44.Qc8+ Qe8 45.Bd5+ Kh7 46.Qxa6 Qe1+ 47.Bg1 Re7 48.Qd6 Qh4+ 49.Qh2 Qxh2+
50.Kxh2 Re2 51.Bd4 Rd2 52.Be4+ Bg6 53.Bc3 Re2 54.Bc6 Be4 55.Bxb5 Rxg2+ 56.Kh3
g4+ 57.Kh4 Bd5 58.Bd7 Bf3 59.Bf5+ Kg8 60.Be6+ Kf8 61.Bxc4 Rh2+ 62.Kg3 Rh1
63.a4 h5 64.a5 h4+ 65.Kf4 h3 66.a6 Rg1 67.a7 h2 68.Bb4+ Kg7 69.Kg5 h1=Q
70.Bc3+ Kh7 71.Bd3+ Be4 {#R} 0-1

[Event "Portugal Open 2017"]
[Site "masterchessopen.com Lisbon POR"]
[Date "2017.02.07"]
[Round "6.19"]
[White "Can,Isik"]
[Black "Akshat,Kh"]
[Result "1-0"]
[WhiteElo "2173"]
[BlackElo "2361"]

1.e4 Nf6 2.e5 Nd5 3.d4 d6 4.c4 Nb6 5.exd6 cxd6 6.Nc3 g6 7.Be3 Bg7 8.Rc1 O-O
9.Be2 Nc6 10.d5 Ne5 11.b3 f5 12.f4 Ng4 13.Bxg4 fxg4 14.Nge2 e5 15.dxe6 Bxe6
16.O-O d5 17.c5 Nd7 18.Nxd5 Re8 19.Nec3 b6 20.Nb5 Nxc5 21.Ndc7 Bd7 22.Qd5+ Kh8
23.Nd6 Rf8 24.Rxc5 bxc5 25.Nxa8 Qe7 26.Bxc5 Be6 27.Qc6 Bd7 28.Qd5 Be6 29.Qe4
Qd7 30.Re1 Bf5 31.Qd5 h5 32.Rc1 Kh7 33.Ba3 Be6 34.Rc7 Qxc7 35.Nxc7 Bxd5
36.Nxd5 Rd8 37.Nc7 Bf8 38.Ne6 Bxd6 39.Nxd8 Bxa3 40.Nc6 Bc5+ 41.Kf1 Kg7 42.b4
Be3 43.a4 Kf6 44.b5 Ke6 45.a5 Bxf4 46.b6 a6 47.b7 {#r} 1-0

[Event "Portugal Open 2017"]
[Site "masterchessopen.com Lisbon POR"]
[Date "2017.02.07"]
[Round "6.20"]
[White "Galego,L"]
[Black "Dias,Ricardo Pedro Cruz"]
[Result "1-0"]
[WhiteElo "2478"]
[BlackElo "2119"]

1.Nf3 Nf6 2.g3 d5 3.Bg2 Bg4 4.c4 c6 5.cxd5 cxd5 6.Ne5 Bh5 7.Qa4+ Nc6 8.Nc3 Qd6
9.Nxc6 Qxc6 10.Qb3 e6 11.d3 Be7 12.Bf4 O-O 13.Rc1 Qd7 14.h3 a5 15.g4 Bg6
16.O-O a4 17.Qb5 Qxb5 18.Nxb5 Rac8 19.Nd6 Bxd6 20.Bxd6 Rfe8 21.f4 h6 22.Rc3
Rxc3 23.bxc3 Rd8 24.Be5 Nd7 25.Bd4 f6 26.f5 Bf7 27.fxe6 Bxe6 28.Rb1 Rb8 29.Rb5
Kf7 30.Bxd5 Bxd5 31.Rxd5 Ke6 32.c4 b6 33.Rb5 Kd6 34.Rb4 Nc5 35.Bxc5+ Kxc5
36.Rxa4 Re8 37.Kf2 h5 38.Ra7 g5 39.Rc7+ Kd6 40.Rb7 {#r} 1-0

[Event "Portugal Open 2017"]
[Site "masterchessopen.com Lisbon POR"]
[Date "2017.02.07"]
[Round "6.21"]
[White "Derakhshani,D"]
[Black "Anguera Maestro,J"]
[Result "1-0"]
[WhiteElo "2373"]
[BlackElo "2106"]

1.e4 g6 2.d4 Bg7 3.Nc3 d6 4.Be3 c6 5.f3 Nd7 6.Qd2 b5 7.g4 h5 8.gxh5 Rxh5
9.Nce2 Nb6 10.Nf4 Rh8 11.Qg2 e6 12.O-O-O Ne7 13.h4 Bd7 14.Kb1 e5 15.dxe5 dxe5
16.Nd3 Nc4 17.Bg5 f6 18.Nc5 fxg5 19.Bxc4 bxc4 20.Nxd7 Nd5 21.exd5 Qxd7 22.Qxg5
Qf5 23.Qxf5 gxf5 24.dxc6 Rc8 25.Rd7 Rd8 26.Rxd8+ Kxd8 27.Ne2 Kc7 28.Ng3 Rf8
29.h5 Bh6 30.Re1 Bf4 31.Ne2 Rh8 32.Nxf4 exf4 33.Rh1 Rh6 34.c3 Kxc6 35.b3 Kc5
36.Kb2 a5 37.Rh4 cxb3 38.axb3 Kd5 39.Ka3 Ke5 40.Ka4 Kf6 41.Rxf4 Rxh5 42.Kxa5
Rh3 43.b4 Ke5 44.Rc4 Rxf3 45.b5 Rf1 46.b6 Rb1 47.Rb4 Ra1+ 48.Kb5 Ra8 49.b7
{#r} 1-0

[Event "Portugal Open 2017"]
[Site "masterchessopen.com Lisbon POR"]
[Date "2017.02.07"]
[Round "6.22"]
[White "Martin Duque,J"]
[Black "Leao,Tiago Miguel Da Silva"]
[Result "1-0"]
[WhiteElo "2312"]
[BlackElo "2044"]

1.e4 c5 2.Ne2 d6 3.g3 Nc6 4.Bg2 g6 5.c3 Bg7 6.d4 cxd4 7.cxd4 e6 8.Nbc3 Nge7
9.O-O O-O 10.Be3 d5 11.f3 b6 12.Qd2 Ba6 13.Rfd1 Na5 14.b3 Rc8 15.Rac1 Qd6
16.Bh3 Rfd8 17.Nf4 Rc6 18.e5 Qb4 19.Rc2 Rdc8 20.Rdc1 Bc4 21.bxc4 Nxc4 22.Qf2
Nxe3 23.Qxe3 Bh6 24.Qd3 Qa3 25.Bf1 Nf5 26.Ncxd5 Qxc1 27.Rxc1 Rxc1 28.Nf6+ Kg7
29.Ne4 Bxf4 30.gxf4 R8c2 31.d5 exd5 32.Nf2 d4 33.e6 fxe6 34.Qe4 Rxf1+ 35.Kxf1
Rc1+ {#r} 1-0

[Event "Portugal Open 2017"]
[Site "masterchessopen.com Lisbon POR"]
[Date "2017.02.07"]
[Round "6.23"]
[White "Ferreira,Luis Pedro"]
[Black "Strugnell,C"]
[Result "1-0"]
[WhiteElo "2117"]
[BlackElo "2255"]

1.e4 e5 2.Nf3 Nc6 3.Bb5 a6 4.Ba4 Nf6 5.c3 Nxe4 6.Qe2 Nd6 7.Nxe5 Be7 8.O-O Nxe5
9.Qxe5 O-O 10.d4 Bf6 11.Qh5 b5 12.Bc2 g6 13.Qh3 Re8 14.Bf4 Nc4 15.b3 Nb6
16.Qf3 Ra7 17.Nd2 d5 18.Rae1 Re6 19.Rxe6 Bxe6 20.Re1 a5 21.Be5 Bg5 22.Qe2 b4
23.cxb4 axb4 24.f4 Bf6 25.f5 gxf5 26.Bb1 Nd7 27.Qh5 Bxe5 28.dxe5 Nf8 29.Nf3 c5
30.Nh4 Ng6 31.Nxf5 Bxf5 32.Qxf5 Qh4 33.Rd1 Nf4 34.g3 Ne2+ 35.Kg2 Qh6 36.Rxd5
Qc6 37.Qxh7+ Kf8 38.Qh8+ Ke7 39.Qd8+ {#r} 1-0

[Event "Portugal Open 2017"]
[Site "masterchessopen.com Lisbon POR"]
[Date "2017.02.07"]
[Round "6.25"]
[White "Maloberti,D"]
[Black "Gomez Dieguez,D"]
[Result "0-1"]
[WhiteElo "2113"]
[BlackElo "2219"]

1.d4 Nf6 2.c4 c5 3.d5 b5 4.cxb5 a6 5.bxa6 g6 6.Nc3 Bg7 7.e4 O-O 8.Nf3 Qa5
9.Bd2 d6 10.Be2 Bxa6 11.O-O Bxe2 12.Qxe2 Qa6 13.Rfe1 Qxe2 14.Rxe2 Nbd7 15.e5
dxe5 16.Nxe5 Nb6 17.Nc6 Nfxd5 18.Nxe7+ Nxe7 19.Rxe7 Nc4 20.Be3 Nxb2 21.Ne4 c4
22.Rc7 c3 23.Nxc3 Na4 24.Bd2 Rfc8 25.Rxc8+ Rxc8 26.Nd5 Rd8 27.Ne7+ Kf8
28.Nxg6+ hxg6 29.Bb4+ Kg8 30.Rc1 Nc3 31.Bxc3 Bxc3 32.g3 Bf6 33.Rc2 Kg7 34.h4
Rd3 35.Kg2 Be5 36.Re2 Kf6 37.Kh2 Bc3 38.Kg2 Rd2 39.Rxd2 Bxd2 40.f4 Kf5 41.Kf3
Ba5 42.g4+ Ke6 43.Ke4 Be1 44.f5+ gxf5+ 45.gxf5+ Kf6 46.h5 Kg5 {#R} 0-1

[Event "Portugal Open 2017"]
[Site "masterchessopen.com Lisbon POR"]
[Date "2017.02.07"]
[Round "6.28"]
[White "Cuevas Fernandez,M"]
[Black "Okamura,M"]
[Result "1-0"]
[WhiteElo "2167"]
[BlackElo "2034"]

1.d4 d5 2.Nf3 Nf6 3.c4 c6 4.Nc3 e6 5.Bg5 h6 6.Bxf6 Qxf6 7.e3 g6 8.Qc2 Nd7
9.O-O-O Bg7 10.Be2 O-O 11.g4 b5 12.h4 bxc4 13.g5 hxg5 14.hxg5 Qe7 15.e4 Ba6
16.Qd2 Rfb8 17.Qf4 e5 18.dxe5 Nxe5 19.Nd4 Qb7 20.Rd2 Nd3+ 21.Bxd3 Bxd4 22.e5
Bxc3 23.Qf6 {#r} 1-0

[Event "Portugal Open 2017"]
[Site "masterchessopen.com Lisbon POR"]
[Date "2017.02.07"]
[Round "6.30"]
[White "Arda,Cagil Irmak"]
[Black "Dias,I"]
[Result "0-1"]
[WhiteElo "2021"]
[BlackElo "2154"]

1.e4 c5 2.Nf3 e6 3.c4 Nc6 4.Nc3 Nf6 5.Be2 Qb6 6.O-O Be7 7.d3 O-O 8.Bg5 d6
9.Qd2 h6 10.Bh4 Re8 11.Kh1 Nd4 12.Nxd4 cxd4 13.Bxf6 Bxf6 14.Nd1 e5 15.f4 exf4
16.Qxf4 Be6 17.Bg4 Be5 18.Qf3 Bxg4 19.Qxg4 Re6 20.b3 a5 21.Qh5 Rg6 22.Nf2 a4
23.c5 Qxc5 24.Rac1 Qb5 25.bxa4 Qd7 26.Qf5 Qe6 27.Nh3 Rxa4 28.Qxe6 fxe6 29.Rc8+
Kh7 30.Rc2 Ra3 31.Rf3 Rf6 32.Rd2 Rc3 33.Rxf6 Rc1+ 34.Ng1 Bxf6 35.h4 Bxh4
36.Kh2 Bg5 37.Rb2 Bf4+ 38.g3 Bxg3+ 39.Kxg3 Rxg1+ 40.Kh2 Rd1 {#R} 0-1

[Event "Portugal Open 2017"]
[Site "masterchessopen.com Lisbon POR"]
[Date "2017.02.07"]
[Round "6.31"]
[White "Reis,Luis So"]
[Black "Rodriguez,Juan Talavera"]
[Result "1-0"]
[WhiteElo "2149"]
[BlackElo "2007"]

1.Nf3 d5 2.c4 c6 3.e3 e6 4.Nc3 Nf6 5.d4 Nbd7 6.Qc2 Bb4 7.Bd2 O-O 8.O-O-O a5
9.Bd3 dxc4 10.Bxc4 b5 11.Bd3 Bb7 12.e4 h6 13.Be3 Ng4 14.Qe2 Nxe3 15.fxe3 e5
16.g4 Qe7 17.h4 g6 18.Nh2 Nb6 19.Nb1 c5 20.d5 c4 21.Bc2 c3 22.bxc3 Ba3+ 23.Kd2
Nc4+ 24.Ke1 Bc5 25.Nf1 Ba6 26.Bd3 Nd6 27.Nbd2 a4 28.Ng3 Qa7 29.Kf2 Rab8 30.Rb1
Qd7 31.h5 Kg7 32.Rbg1 Qe7 33.Nf3 Qf6 34.Ke1 Nc4 35.Nf1 g5 36.N3d2 Nb2 37.Ng3
Nxd3+ 38.Qxd3 b4 39.c4 Qb6 40.Nf5+ Kh7 41.Kf2 Bc8 42.Rb1 Bd7 43.Rhe1 Qa5
44.Re2 Rb7 45.Nf3 f6 46.Reb2 Rfb8 47.Nd2 Qa7 48.Kf3 a3 49.Rc2 Ba4 50.Nb3 Rd7
51.Rd2 Rbd8 52.Rbd1 Rc8 53.d6 Bc6 54.Ne7 Rxd6 55.Nxc8 Rxd3 56.Nxa7 Rxe3+
57.Kg2 Bxe4+ 58.Kh2 Bd4 59.Nxd4 exd4 60.Rxd4 Re2+ 61.Kg3 f5 62.Rd7+ Kg8
63.gxf5 Rg2+ 64.Kh3 g4+ 65.Kh4 Bxf5 66.Rb7 Rh2+ 67.Kg3 Rh3+ 68.Kf4 Rf3+ 69.Ke5
Bd3 70.Kd4 g3 71.Nc6 Bf1 72.Ne7+ Kf7 73.Nf5+ Ke6 74.Nxg3 Bg2 75.Ne4 Rf4 76.Re1
Kf5 77.Rf7+ Kg4 78.Rxf4+ Kxf4 79.c5 {#r} 1-0

[Event "83rd ch-BRA 2017"]
[Site "masterchessopen.com Rio de Janeiro BRA"]
[Date "2017.02.07"]
[Round "2.1"]
[White "Fier,A"]
[Black "Pinto,C"]
[Result "1-0"]
[WhiteElo "2581"]
[BlackElo "2121"]

1.e4 e6 2.d4 d5 3.Nd2 Nc6 4.Ngf3 Nf6 5.e5 Nd7 6.Bd3 Nb4 7.Be2 c5 8.c3 Nc6
9.O-O f6 10.exf6 Qxf6 11.Bd3 Bd6 12.Re1 cxd4 13.cxd4 O-O 14.Bxh7+ Kxh7 15.Rxe6
Bxh2+ 16.Kxh2 Qf5 17.Nf1 Kg8 18.Re1 Nf6 19.Kg1 Qh5 20.Ng3 Qh7 21.Nh2 Qh4
22.Be3 Bd7 23.Ngf1 Rae8 24.f3 Nh5 25.Qd2 Qf6 26.Rad1 Qg6 27.g4 Nd8 28.Bg5 Nf6
29.Re5 Ne6 30.Bh4 Nh7 31.Rde1 Nf4 32.Rxe8 Bxe8 33.Bg3 Nh3+ 34.Kg2 N3g5 35.Re5
Qh6 36.Qe2 Qh3+ 37.Kg1 Bc6 38.f4 Ne4 39.Rh5 Nxg3 40.Qe6+ {#r} 1-0

[Event "83rd ch-BRA 2017"]
[Site "masterchessopen.com Rio de Janeiro BRA"]
[Date "2017.02.07"]
[Round "2.2"]
[White "Jatoba de Oliveira Reis,P"]
[Black "Quintiliano Pinto,R"]
[Result "0-1"]
[WhiteElo "2397"]
[BlackElo "2491"]

1.g3 d5 2.Nf3 Nf6 3.Bg2 e6 4.O-O Be7 5.d3 O-O 6.Nbd2 c5 7.e4 Nc6 8.Re1 b5 9.e5
Nd7 10.Nf1 a5 11.Bf4 a4 12.a3 Bb7 13.h4 Qb6 14.N1h2 Rfc8 15.h5 h6 16.Ng4 Bf8
17.Qd2 Kh7 18.Ngh2 Nd4 19.g4 Nxf3+ 20.Bxf3 d4 21.g5 hxg5 22.Bxg5 f6 23.exf6
gxf6 24.Qf4 Bd6 25.Be4+ Bxe4 26.Qxe4+ Kh8 27.Qg6 Bxh2+ 28.Kxh2 Qd6+ 29.Kh3 Qf8
30.Bh6 Qe7 31.Bd2 e5 32.Rg1 Qh7 33.Qxh7+ Kxh7 34.Rg6 Rg8 35.Rag1 Rxg6 36.Rxg6
Re8 37.f3 f5 38.Rd6 Re7 39.Bg5 Rg7 40.Kh4 e4 41.f4 e3 42.Kg3 Ne5 43.Rf6 e2
44.Kf2 Ng4+ 45.Kxe2 Nxf6 46.Bxf6 Rd7 47.Bg5 Rd6 48.Kd2 Kg7 49.Be7 Rd5 50.Bg5
c4 51.Kd1 Rd6 52.Kd2 Kf7 53.Ke2 c3 54.bxc3 dxc3 55.Kd1 b4 56.axb4 a3 {#R} 0-1

[Event "83rd ch-BRA 2017"]
[Site "masterchessopen.com Rio de Janeiro BRA"]
[Date "2017.02.07"]
[Round "2.3"]
[White "El Debs,F"]
[Black "Souza Neves,A"]
[Result "0-1"]
[WhiteElo "2523"]
[BlackElo "2218"]

1.e4 c5 2.Nf3 Nc6 3.Bb5 g6 4.Bxc6 bxc6 5.O-O Bg7 6.Re1 e5 7.c3 Qb6 8.Na3 Ba6
9.Qa4 Ne7 10.b4 c4 11.d3 Bb5 12.Qd1 cxd3 13.c4 Ba6 14.b5 Bb7 15.Qxd3 c5 16.Nb1
O-O 17.Nc3 f5 18.Nd2 Rad8 19.Nd5 Nxd5 20.cxd5 c4 21.Qxc4 fxe4 22.Nxe4 Qd4
23.Qxd4 exd4 24.Bg5 Rde8 25.Nc5 d3 26.Nxb7 Bxa1 27.Rxa1 Re2 28.Nc5 d2 29.Nd3
Rfxf2 30.Bh4 Rxg2+ 31.Kf1 Rxh2 32.Bg3 Rh1+ 33.Kxe2 Rxa1 34.Kxd2 Rxa2+ 35.Kc3
h5 36.Kc4 g5 37.Be5 h4 38.Bb2 Ra4+ 39.Kc5 h3 40.Be5 Ra2 41.Kd6 h2 42.Bxh2 Rxh2
43.Ne5 Rb2 44.Nxd7 Rxb5 45.Kc6 Rb1 46.d6 Kf7 47.Nc5 Rc1 48.Kd5 Rxc5+ 49.Kxc5
Ke8 {#R} 0-1

[Event "83rd ch-BRA 2017"]
[Site "masterchessopen.com Rio de Janeiro BRA"]
[Date "2017.02.07"]
[Round "2.4"]
[White "Matsuura,E"]
[Black "Carneiro,Vitor Roberto Castro"]
[Result "1-0"]
[WhiteElo "2480"]
[BlackElo "2426"]

1.e4 c6 2.d4 d5 3.exd5 cxd5 4.c4 Nc6 5.Nc3 Nf6 6.Bg5 e6 7.Nf3 Be7 8.Rc1 O-O
9.c5 Ne4 10.Bxe7 Qxe7 11.Be2 Bd7 12.O-O b6 13.cxb6 axb6 14.a3 Rfc8 15.Bd3 Nd6
16.Re1 Qd8 17.Nb5 Nxb5 18.Bxb5 Na5 19.Bd3 Be8 20.Qe2 h6 21.h4 Rxc1 22.Rxc1 Rc8
23.Re1 Nc4 24.g3 Nd6 25.Ne5 Rc7 26.Qd2 Qa8 27.Qf4 Qd8 28.Ng4 Bb5 29.Bb1 Ba4
30.Qd2 Ne4 31.Qe2 Qc8 32.Bd3 Bb3 33.Ne5 Rc1 34.Kg2 Qc7 35.Nf3 Rxe1 36.Qxe1 Nd6
37.Ne5 Ba4 38.Qb4 Be8 39.Qd2 Bb5 40.Bxb5 Nxb5 41.a4 Nd6 42.b4 f6 43.Nf3 Nc4
44.Qd3 Qd7 45.Qb3 e5 46.dxe5 fxe5 47.a5 bxa5 48.bxa5 e4 49.Ne5 Nxe5 50.Qb8+
Kh7 51.Qxe5 Qb5 52.Qf5+ Kh8 53.Qf8+ Kh7 54.a6 Qb6 55.Qf5+ Kh8 56.Qc8+ Kh7
57.Qf5+ Kh8 58.Qxd5 Qxa6 59.Qxe4 Qf6 60.Qf3 Qd4 61.Qf8+ Kh7 62.Qf5+ Kh8 63.Kh3
Qc4 64.Qf8+ Kh7 65.Qf5+ Kh8 66.Qf4 Qf1+ 67.Kg4 Qd1+ 68.f3 Qd7+ 69.Qf5 Qd4+
70.Kh5 Qd6 71.f4 Qe7 72.Qg6 Qe2+ 73.g4 Qe7 74.f5 Qe5 75.Qe6 Qf4 76.f6 Kh7
77.Qf5+ Qxf5+ 78.gxf5 gxf6 79.Kg4 h5+ 80.Kf4 Kg7 81.Ke4 Kf7 82.Kd5 Ke7 83.Kc6
{#r} 1-0

[Event "83rd ch-BRA 2017"]
[Site "masterchessopen.com Rio de Janeiro BRA"]
[Date "2017.02.07"]
[Round "2.6"]
[White "Nogueira,I"]
[Black "Mekhitarian,K"]
[Result "0-1"]
[WhiteElo "2308"]
[BlackElo "2561"]

1.a4 e5 2.g3 d5 3.Bg2 Nc6 4.d3 Be6 5.Nd2 Qd7 6.e4 Nf6 7.Ngf3 dxe4 8.dxe4 O-O-O
9.Ng5 Bg4 10.Bf3 Bxf3 11.Ngxf3 Nxe4 12.O-O Nxd2 13.Nxd2 h5 14.c3 h4 15.Qf3
hxg3 16.fxg3 Bc5+ {#R} 0-1

[Event "90th Veliko Tarnovo GM"]
[Site "masterchessopen.com Veliko Tarnovo BUL"]
[Date "2017.02.07"]
[Round "2.1"]
[White "Yordanov,Nikolay2"]
[Black "Firat,B"]
[Result "0-1"]
[WhiteElo "2144"]
[BlackElo "2492"]

1.e4 c5 2.c3 d5 3.exd5 Qxd5 4.d4 Nf6 5.Nf3 e6 6.Bd3 Be7 7.Be3 Nc6 8.O-O O-O
9.a3 b6 10.c4 Qd7 11.dxc5 bxc5 12.Bc2 Qc7 13.Nc3 Bb7 14.Qe2 Ng4 15.g3 Nxe3
16.Qxe3 Rac8 17.Ng5 Nd4 18.Bxh7+ Kh8 19.Be4 Bxg5 {#R} 0-1

[Event "90th Veliko Tarnovo GM"]
[Site "masterchessopen.com Veliko Tarnovo BUL"]
[Date "2017.02.07"]
[Round "2.2"]
[White "Ninov,N"]
[Black "Nikolovski,Nikola"]
[Result "1-0"]
[WhiteElo "2459"]
[BlackElo "2311"]

1.e4 c5 2.Nf3 d6 3.d4 cxd4 4.Nxd4 Nf6 5.Nc3 g6 6.Be3 Bg7 7.f3 Nc6 8.Qd2 O-O
9.g4 Be6 10.O-O-O Nxd4 11.Bxd4 Qa5 12.a3 Rfc8 13.h4 Rab8 14.h5 b5 15.h6 Bh8
16.Nd5 Qd8 17.Nxf6+ exf6 18.Bxa7 Rb7 19.Bd4 Ra8 20.Bc3 b4 21.Bxb4 f5 22.gxf5
Qf6 23.Bc3 Rxa3 24.Qxd6 Qg5+ 25.f4 Ra1+ 26.Kd2 Bxc3+ 27.bxc3 Rd7 28.fxg5 Rxd1+
29.Kxd1 Rxd6+ 30.Bd3 gxf5 31.exf5 Bxf5 32.Ke2 Rd5 33.c4 Rc5 34.Rb1 f6 35.gxf6
Kf7 36.Ke3 Be6 37.Rb7+ Kxf6 38.Rxh7 Bxc4 39.Kd4 Bxd3 40.cxd3 Rh5 41.Rh8 Ke7
42.h7 Kf7 43.Ra8 {#r} 1-0

[Event "90th Veliko Tarnovo GM"]
[Site "masterchessopen.com Veliko Tarnovo BUL"]
[Date "2017.02.07"]
[Round "2.3"]
[White "Erdogdu,M"]
[Black "Pantev,V"]
[Result "1-0"]
[WhiteElo "2453"]
[BlackElo "2430"]

1.e4 c6 2.c4 e5 3.Nf3 d6 4.d4 Qc7 5.Bd3 Bg4 6.Be3 Nf6 7.O-O Nbd7 8.Nc3 Be7
9.d5 a5 10.h3 Bh5 11.Be2 O-O 12.Nh4 Bg6 13.Bf3 Nc5 14.g4 Nfd7 15.Nf5 Bxf5
16.exf5 h6 17.Qd2 Nf6 18.Rad1 Rad8 19.h4 e4 20.Be2 Nh7 21.g5 hxg5 22.hxg5 Qc8
23.Bg4 g6 24.f4 gxf5 25.Bh3 Rfe8 26.Ne2 Bf8 27.Ng3 cxd5 28.Bxf5 Qc7 29.Qh2
{#r} 1-0

[Event "90th Veliko Tarnovo GM"]
[Site "masterchessopen.com Veliko Tarnovo BUL"]
[Date "2017.02.07"]
[Round "2.4"]
[White "Dimitrov,Vl"]
[Black "Stefanov,Emil"]
[Result "0-1"]
[WhiteElo "2391"]
[BlackElo "2458"]

1.e4 e5 2.Nf3 Nc6 3.d4 exd4 4.Nxd4 Nf6 5.Nxc6 bxc6 6.e5 Qe7 7.Qe2 Nd5 8.h4 h6
9.c4 Ba6 10.Rh3 Nb6 11.Nd2 Qe6 12.b3 Bb4 13.Bb2 Qe7 14.O-O-O Ba3 15.f4 O-O-O
16.Ne4 Kb8 17.h5 Rhe8 18.Bxa3 Qxa3+ 19.Qb2 Qxb2+ 20.Kxb2 f6 21.a4 fxe5 22.a5
exf4 23.Nc5 Bc8 24.axb6 cxb6 25.Na4 d5 26.Rhd3 Bg4 27.Rc1 dxc4 28.bxc4 Bxh5
29.Nc3 Bg6 30.Rxd8+ Rxd8 31.Rd1 Rxd1 32.Nxd1 Kc7 33.Kc3 c5 34.Nf2 Kd6 35.Nd3
Bxd3 36.Kxd3 Ke5 37.Be2 Kf5 {#R} 0-1

[Event "90th Veliko Tarnovo GM"]
[Site "masterchessopen.com Veliko Tarnovo BUL"]
[Date "2017.02.07"]
[Round "2.5"]
[White "Dinev,De"]
[Black "Petrov,Marij"]
[Result "0-1"]
[WhiteElo "2297"]
[BlackElo "2484"]

1.e4 c5 2.Nc3 Nc6 3.f4 g6 4.Nf3 Bg7 5.Bb5 Nd4 6.Bc4 a6 7.O-O b5 8.Bd5 Rb8 9.d3
e6 10.Bb3 Ne7 11.Nxd4 cxd4 12.Ne2 O-O 13.Qe1 a5 14.a4 b4 15.Qf2 Qb6 16.Qh4 Qc5
17.f5 gxf5 18.Qg3 Rb6 19.Bh6 Ng6 20.Bxg7 Kxg7 21.exf5 exf5 22.Qf2 f4 23.Nxd4
d6 24.Rae1 Bd7 25.h3 Rbb8 26.Ne2 Rbe8 27.d4 Qg5 28.Kh2 Re3 29.Ng1 Rfe8 30.Rxe3
Rxe3 31.Nf3 Qe7 32.Re1 f5 33.Kg1 Bc6 34.d5 Bb7 35.Qd2 Rxe1+ 36.Qxe1 Qxe1+
37.Nxe1 Ne7 38.Nd3 Bxd5 39.Bxd5 Nxd5 40.b3 Ne3 41.Ne1 Kf6 42.Kf2 Ke5 43.Ke2
Ke4 44.Kd2 h6 45.h4 h5 46.c3 bxc3+ 47.Kxc3 Nxg2 48.Nd3 f3 {#R} 0-1

[Event "90th Veliko Tarnovo GM"]
[Site "masterchessopen.com Veliko Tarnovo BUL"]
[Date "2017.02.07"]
[Round "3.1"]
[White "Petrov,Marij"]
[Black "Yordanov,Nikolay2"]
[Result "1-0"]
[WhiteElo "2484"]
[BlackElo "2144"]

1.e4 d5 2.exd5 Nf6 3.d4 Bg4 4.Bb5+ Nbd7 5.f3 Bf5 6.c4 e6 7.dxe6 Bxe6 8.d5 Bf5
9.Ne2 Bc5 10.a3 O-O 11.b4 Be7 12.Nd4 Bg6 13.Bxd7 Qxd7 14.O-O Rfd8 15.Nc3 c6
16.Re1 cxd5 17.c5 Ne8 18.Bf4 Bf6 19.Be5 Bxe5 20.Rxe5 Nc7 21.Qd2 Ne6 22.Rae1
Nxd4 23.Qxd4 Re8 24.Qxd5 Rxe5 25.Rxe5 Qxd5 26.Rxd5 a6 27.Rd7 Rb8 28.Ne4 Bxe4
29.fxe4 g6 30.Kf2 Kf8 31.Ke3 b6 32.c6 Rc8 33.Rd6 Ke7 34.e5 Rc7 35.Kd4 h6 36.a4
{#r} 1-0

[Event "90th Veliko Tarnovo GM"]
[Site "masterchessopen.com Veliko Tarnovo BUL"]
[Date "2017.02.07"]
[Round "3.2"]
[White "Stefanov,Emil"]
[Black "Dinev,De"]
[Result "1-0"]
[WhiteElo "2458"]
[BlackElo "2297"]

1.d4 d6 2.e4 g6 3.Nc3 Bg7 4.Be3 Nf6 5.f3 O-O 6.Qd2 Nbd7 7.Nge2 c6 8.a4 a6 9.h4
Re8 10.Bh6 Bh8 11.h5 Nf8 12.hxg6 hxg6 13.g4 Rb8 14.Ng3 Be6 15.Qh2 N8h7 16.g5
Nd7 17.d5 cxd5 18.exd5 Bxd5 19.Nxd5 Qa5+ 20.Qd2 Qxd2+ 21.Kxd2 e6 22.Nc3 f6
23.gxf6 Nhxf6 24.Bf4 Rbd8 25.Bd3 Nf8 26.Rag1 Bg7 27.Bh6 Rd7 28.Bxg7 Rxg7
29.Nce4 Nxe4+ 30.Nxe4 Rd8 31.Rh4 Kf7 32.Ng5+ Ke7 33.Rb4 Rd7 34.f4 Rc7 35.Rh1
Nd7 36.Rh7 Rxh7 37.Nxh7 Kf7 38.Ng5+ Kf6 39.Rc4 Rxc4 40.Bxc4 Nf8 41.Ke3 Ke7
42.Kd4 Kf6 43.Bd3 Ke7 44.Ne4 Kd7 45.Nd2 Kd8 46.a5 Kd7 47.Be4 Ke7 48.Nf3 {#r}
1-0

[Event "90th Veliko Tarnovo GM"]
[Site "masterchessopen.com Veliko Tarnovo BUL"]
[Date "2017.02.07"]
[Round "3.5"]
[White "Firat,B"]
[Black "Ninov,N"]
[Result "1-0"]
[WhiteElo "2492"]
[BlackElo "2459"]

1.c4 c5 2.g3 Nc6 3.Bg2 g6 4.Nc3 Bg7 5.Nf3 e6 6.d3 Nge7 7.Bg5 h6 8.Bd2 O-O 9.a3
d5 10.Rb1 b6 11.Qc1 Kh7 12.b4 cxb4 13.axb4 dxc4 14.dxc4 Bb7 15.O-O Nf5 16.c5
bxc5 17.bxc5 Qe7 18.g4 Nfd4 19.Nxd4 Bxd4 20.Bxh6 Rfc8 21.Ne4 Ba6 22.Rd1 Bxe2
23.Bg5 Qc7 24.Rxd4 Nxd4 25.Qe3 Rab8 26.Qh3+ Kg8 27.Nf6+ Kf8 28.Qh8+ Ke7
29.Ne4+ {#r} 1-0

[Event "FSGM January 2017"]
[Site "masterchessopen.com Budapest HUN"]
[Date "2017.02.07"]
[Round "4.1"]
[White "Cawdery,D"]
[Black "Torma,R"]
[Result "0-1"]
[WhiteElo "2413"]
[BlackElo "2492"]

1.e4 c6 2.c4 d5 3.exd5 cxd5 4.cxd5 Nf6 5.Qa4+ Nbd7 6.Nc3 g6 7.Nf3 Bg7 8.Bc4 a6
9.d3 O-O 10.Qa3 b6 11.O-O Bb7 12.Re1 Re8 13.d6 exd6 14.Rxe8+ Qxe8 15.Qxd6 b5
16.Bb3 Rc8 17.Be3 Bxf3 18.gxf3 Ne5 19.Kg2 Nc6 20.Rc1 Rd8 21.Qc7 Ne5 22.Ne4 Nd5
23.Qb7 Nxe3+ 24.fxe3 Nxd3 25.Rc7 Ne5 26.Re7 Qf8 27.Rc7 Nc4 28.Bxc4 bxc4 29.Ng5
Rd2+ 30.Kf1 Rxb2 31.Qd5 Rb4 32.Kg2 Rb5 33.Qxf7+ Qxf7 34.Nxf7 Rb2+ 35.Kh3 c3
36.f4 Re2 37.Ng5 Rxe3+ 38.Kg2 h6 39.Rc8+ Bf8 40.Nf3 Re2+ 41.Kf1 Rxa2 42.Rxc3
Ra3 43.Rxa3 Bxa3 44.h4 Bd6 45.h5 gxh5 46.f5 Kf7 47.Nd2 Bc7 48.Ne4 a5 49.Kg2 a4
50.Kf3 a3 51.Nc3 Ba5 52.Na2 Bd2 {#R} 0-1

[Event "FSGM January 2017"]
[Site "masterchessopen.com Budapest HUN"]
[Date "2017.02.07"]
[Round "4.2"]
[White "Chovan,Milan"]
[Black "Rodriguez Lopez,Ra"]
[Result "1-0"]
[WhiteElo "2284"]
[BlackElo "2277"]

1.c4 Nf6 2.Nc3 g6 3.e4 d6 4.d4 Bg7 5.Nf3 O-O 6.Be2 e5 7.Be3 c6 8.d5 Ng4 9.Bg5
f6 10.Bh4 Nh6 11.Nd2 c5 12.f3 Nf7 13.Rb1 Bh6 14.Bf2 f5 15.a3 Qg5 16.Bf1 Nd7
17.h4 Qe7 18.Bd3 Nf6 19.Nf1 Nh5 20.g3 Nf6 21.Qe2 fxe4 22.Nxe4 Nxe4 23.Bxe4 Bf5
24.Ne3 Bxe4 25.fxe4 Bxe3 26.Bxe3 Kg7 27.Kd2 Qd7 28.Rbg1 h6 29.Kc1 a6 30.g4 b5
31.Rf1 bxc4 32.g5 h5 33.Qxc4 Qb5 34.Qxb5 axb5 35.Kc2 Rfb8 36.Rf6 b4 37.Rhf1
Ra7 38.a4 b3+ 39.Kd3 Rbb7 40.Re6 Rxa4 41.Rff6 Rd4+ 42.Bxd4 exd4 43.Rxg6+ Kh7
44.Rgf6 Ne5+ 45.Rxe5 dxe5 46.Rc6 Ra7 47.d6 Kg8 48.Rc8+ Kf7 49.Rc7+ {#r} 1-0

[Event "FSGM January 2017"]
[Site "masterchessopen.com Budapest HUN"]
[Date "2017.02.07"]
[Round "4.3"]
[White "Czebe,A"]
[Black "Kaczur,F"]
[Result "1-0"]
[WhiteElo "2484"]
[BlackElo "2431"]

1.c4 e6 2.Nf3 d5 3.e3 Nf6 4.b3 c5 5.Bb2 Nc6 6.a3 Be7 7.Be2 O-O 8.cxd5 Nxd5
9.O-O b6 10.Nc3 Bf6 11.Qc2 Bb7 12.Ne4 Bxb2 13.Qxb2 Qe7 14.Rfe1 e5 15.Bc4 Rad8
16.Rab1 Nf6 17.Nxf6+ Qxf6 18.d3 a5 19.e4 Rfe8 20.Bd5 Re7 21.Rbc1 h6 22.Re3 Rd6
23.Bxc6 Rxc6 24.Nd2 Ba6 25.Nc4 Qe6 26.Rd1 Kh7 27.Rg3 f6 28.Ne3 Rd7 29.Nd5 Rc8
30.a4 Rcd8 31.Qc2 f5 32.Rh3 f4 33.Rf3 Bb7 34.Nc3 g5 35.Rh3 Rd4 36.Qe2 Bc8
37.Nd5 Qf7 38.g4 Kg7 39.Nxb6 Qxb3 40.Nxc8 Rxc8 41.Qf1 Qe6 42.Qe2 Rxa4 43.Rh5
c4 44.h4 c3 45.hxg5 c2 46.Rc1 Rb4 47.Kh2 f3 48.Qxf3 Rb1 49.Rxh6 Rf8 50.Rxe6
Rxc1 51.Rg6+ Kxg6 52.Qxf8 Rh1+ 53.Kg3 Rg1+ 54.Kf3 {#r} 1-0